000 00461nam a2200193Ia 4500
003 OSt
005 20250909121457.0
008 250729s2005 xx 000 0 und d
020 _a978-8176489522
040 _cAL
041 _aeng
082 _a425.1 SAWL
100 _aSawhney P Gupta
_9222458
245 _aLetter writing made easy
260 _aNew Delhi
_bA P H Publishing
_c2005
300 _a148p
650 _aEnglish
_9222459
942 _2ddc
_cBED
999 _c235472
_d235472